Normal view
MARC view
Entry Topical Term
001 - CONTROL NUMBER
- control field: 246851
003 - CONTROL NUMBER IDENTIFIER
- control field: OSt
005 - DATE AND TIME OF LATEST TRANSACTION
- control field: 20251126113630.0
008 - FIXED-LENGTH DATA ELEMENTS
- fixed length control field: 251126|| aca||aabn | a|a d
040 ## - CATALOGING SOURCE
- Original cataloging agency: OSt
- Transcribing agency: OSt
150 ## - HEADING--TOPICAL TERM
- Topical term or geographic name entry element: Kannada literature
670 ## - SOURCE DATA FOUND
- Source citation: Work cat.: (OSt)215525: SARASVATI KUMARI (K) Ed ಸರಸ್ವತಿ ಕುಮಾರಿ (ಕೆ) 246849, Manthana, 2014